Visual tracking and analysis in sports (Record no. 13272)
[ view plain ]
| 000 -LEADER | |
|---|---|
| fixed length control field | 00440nam a22001457a 4500 |
| 082 ## - DEWEY DECIMAL CLASSIFICATION NUMBER | |
| Classification number | BSCS-1 |
| 100 ## - MAIN ENTRY--PERSONAL NAME | |
| Personal name | Abdur Rafay |
| 9 (RLIN) | 93032 |
| 245 ## - TITLE STATEMENT | |
| Title | Visual tracking and analysis in sports |
| 260 ## - PUBLICATION, DISTRIBUTION, ETC. | |
| Place of publication, distribution, etc. | Islamabad |
| Name of publisher, distributor, etc. | NUST-SEECS |
| Date of publication, distribution, etc. | 2015 |
| 300 ## - PHYSICAL DESCRIPTION | |
| Extent | 45 |
| Accompanying material | CD Include |
| 500 ## - GENERAL NOTE | |
| General note | Supervisors: Dr. Asad Anwar Butt, Dr. Murtaza Khan |
| 700 ## - ADDED ENTRY--PERSONAL NAME | |
| Personal name | Muhammad Aamir |
| 9 (RLIN) | 93033 |
| 856 ## - ELECTRONIC LOCATION AND ACCESS | |
| Uniform Resource Identifier | <a href="http://10.250.8.41:8080/xmlui/handle/123456789/9845">http://10.250.8.41:8080/xmlui/handle/123456789/9845</a> |
| 942 ## - ADDED ENTRY ELEMENTS (KOHA) | |
| Koha item type | Project Report |
| Source of classification or shelving scheme | |
| Withdrawn status | Lost status | Damaged status | Not for loan | Collection code | Permanent Location | Current Location | Shelving location | Date acquired | Full call number | Barcode | Date last seen | Price effective from | Koha item type |
|---|---|---|---|---|---|---|---|---|---|---|---|---|---|
| WITHDRAWN | Central Library (CL) | Central Library (CL) | General Stacks | 07/13/2015 | BSCS-1 ABD | SEECSP01689 | 07/11/2015 | 07/11/2015 | Project Report |
